| 000 | 00723nam a2200229Ia 4500 | ||
|---|---|---|---|
| 999 |
_c6100 _d6100 |
||
| 020 | _a9788178297392 | ||
| 082 | _a615.3720954 GUP-A | ||
| 100 | _aGupta, Indrani | ||
| 245 | 0 | _aAdoption of health technologies in India: implications for the AIDS Vaccine | |
| 260 |
_aLos Angeles _bSage Publications _c2007 |
||
| 300 | _a235 | ||
| 440 | _aStudies in economic and social development; 68 | ||
| 504 | _aincludes bibliography and index | ||
| 650 |
_aAids vaccines _zIndia |
||
| 650 |
_aHIV infections _vtherapy _zIndia |
||
| 650 | _aHealth policy// medical policy | ||
| 650 |
_aTechnology transfer _zIndia |
||
| 650 | _aMedical Policy - india | ||
| 700 | _aKandamuthan, Subodh | ||
| 700 | _aTrivedi, Mayur | ||
| 942 | _cBK | ||